000 00410nam a2200157Ia 4500
008 241206s9999||||xx |||||||||||||| ||und||
020 _a9780273644828
_c41
040 _beng
_cSSK Library
_erda
082 _a681.1/JAY
100 _a Ros Jay
245 0 _aBuild A Great Team!
260 _b Pearson Education
_c©2000
942 _2Dewey Decimal Classification
_cBOOK
_nNo
999 _c16788
_d16788
003 OSt
005 20241206223255.0